Nútená správa býva pre samosprávy vykúpením
Obchody podnikateľov so samosprávami. So samosprávou možno robiť vysoko výnosné obchody bez rizika - obec ani mesto nemôžu skrachovať, do konkurzu ísť nemôžu. Môže ísť o tzv. ozdravný režim alebo nútenú správu. Viacero samospráv je zrelých na zavedenie inštitútov ozdravného režimu alebo nútenej sprá...
Saved in:
| Main Author: | |
|---|---|
| Format: | Book Chapter |
| Language: | Slovak |
| Subjects: | |
| Tags: |
No Tags, Be the first to tag this record!
|
MARC
| LEADER | 00000naa$a2200000$$$4500 | ||
|---|---|---|---|
| 001 | 0029533 | ||
| 005 | 20231009081307.1 | ||
| 041 | 0 | |a slo | |
| 044 | |a SK | ||
| 245 | 1 | 0 | |a Nútená správa býva pre samosprávy vykúpením |c Branislav Sobinkovič |
| 520 | |a Obchody podnikateľov so samosprávami. So samosprávou možno robiť vysoko výnosné obchody bez rizika - obec ani mesto nemôžu skrachovať, do konkurzu ísť nemôžu. Môže ísť o tzv. ozdravný režim alebo nútenú správu. Viacero samospráv je zrelých na zavedenie inštitútov ozdravného režimu alebo nútenej správy pre neschopnosť vyrovnať svoje záväzky. Ozdravný režim alebo nútená správa nepripraví obec o autonómiu, len dáva samosprávam priestor na to, aby dokázali konsolidovať svoje financie. | ||
| 610 | 2 | 0 | |a správa nútená |
| 610 | 2 | 0 | |a oživenie |
| 610 | 2 | 0 | |a samospráva |
| 610 | 2 | 0 | |a obce |
| 610 | 2 | 0 | |a záväzky |
| 610 | 2 | 0 | |a konsolidácia |
| 610 | 2 | 0 | |a financie |
| 610 | 2 | 0 | |a autonómia |
| 100 | 1 | |a Sobinkovič, Branislav | |